| 000 | 00652nam a22001817a 4500 | ||
|---|---|---|---|
| 999 |
_c15016 _d15016 |
||
| 003 | OSt | ||
| 082 | _2631.3 GEO/ST | ||
| 088 | _aP 158 | ||
| 100 |
_aGEORGE MATHEW NEERACKAL _aJOE JOE L. BOVAS _aSAREENA K. V _93537 |
||
| 245 | _aStudies on vegetable oils as fuel in CI engines | ||
| 260 |
_aTavanur 2005 _bKelappaji College of Agricultural Engineering and Technology |
||
| 300 | _a68 | ||
| 500 | _aStudies on vegetable oils as fuel in CI engines | ||
| 520 | _aStudies on vegetable oils as fuel in CI engines | ||
| 700 |
_aDr. Shaji James P (Guide) _93535 |
||
| 856 | _uhttps://drive.google.com/open?id=1LjVCIeYq6Dvt-Tc-iQnR75nS1pCPARq6 | ||
| 942 | _cPR | ||